[Event "Rated Blitz game"]
[Site "?"]
[Date "2021.02.19"]
[Round "?"]
[White "Babnik"]
[Black "gammadrill"]
[Result "1-0"]
[WhiteElo "2472"]
[BlackElo "2480"]
[PlyCount "59"]
[EventDate "2021.??.??"]
[EventType "blitz"]

1. e4 e5 2. Nf3 d5 3. Nxe5 Bd6 4. d4 dxe4 5. Nc3 Bxe5 6. dxe5 Qxd1+ 7. Nxd1 f5
8. Bc4 Ne7 9. f4 exf3 10. gxf3 b6 11. f4 Bb7 12. Rg1 g6 13. Be3 Bd5 14. Bb5+ c6
15. Bd3 c5 16. Nc3 Bc6 17. O-O-O a6 18. Bc4 Nd7 19. Rd6 b5 20. Be6 b4 21. Bxd7+
Bxd7 22. Nd5 Nxd5 23. Rxd5 Rc8 24. Rgd1 Be6 25. Rxc5 Kf7 26. Rd6 Rhd8 27. Rxa6
Ra8 28. Rc7+ Kg8 29. Rxe6 Rxa2 30. b3 {Normal} 1-0

[Event "Rated Blitz game"]
[Site "?"]
[Date "2021.02.19"]
[Round "?"]
[White "StegariuVlad"]
[Black "TajiriWWE"]
[Result "0-1"]
[WhiteElo "2594"]
[BlackElo "2492"]
[PlyCount "46"]
[EventDate "2021.??.??"]
[EventType "blitz"]

1. e4 e5 2. Nf3 d5 3. Nxe5 Bd6 4. d4 dxe4 5. Bc4 Bxe5 6. dxe5 Qxd1+ 7. Kxd1
Bg4+ 8. Ke1 Nc6 9. Bf4 O-O-O 10. Nc3 Nge7 11. Nxe4 Ng6 12. Be3 Ngxe5 13. Be2
Bf5 14. f3 Bxe4 15. fxe4 f6 16. c3 Rhe8 17. Rd1 Rxd1+ 18. Kxd1 Nf7 19. Bf3 Nd6
20. Re1 Nxe4 21. Bf4 Nf2+ 22. Kd2 Rxe1 23. Kxe1 Nd3+ {Normal} 0-1

[Event "Rated Blitz game"]
[Site "?"]
[Date "2021.02.19"]
[Round "?"]
[White "OnlyEnglish"]
[Black "Fantastic_power06"]
[Result "0-1"]
[WhiteElo "2436"]
[BlackElo "2555"]
[PlyCount "36"]
[EventDate "2021.??.??"]
[EventType "blitz"]

1. e4 e5 2. Nf3 d5 3. Nc3 dxe4 4. Nxe4 f5 5. Ng3 e4 6. Ng1 Nf6 7. d3 Nc6 8. Nh3
Bc5 9. Be2 exd3 10. Bxd3 Qe7+ 11. Qe2 Be6 12. O-O Nd4 13. Qe5 O-O-O 14. Nf4 Ng4
15. Qe1 Qh4 16. Nh3 Bd5 17. Bg5 Qxh3 18. gxh3 Nf3+ {Normal} 0-1

[Event "Rated Blitz game"]
[Site "?"]
[Date "2021.02.19"]
[Round "?"]
[White "liaqat321"]
[Black "Schachelite"]
[Result "1-0"]
[WhiteElo "2350"]
[BlackElo "2437"]
[PlyCount "87"]
[EventDate "2021.??.??"]
[EventType "blitz"]

1. e4 e5 2. Nf3 d5 3. Nxe5 Bd6 4. d4 dxe4 5. Nc4 Nf6 6. Nxd6+ Qxd6 7. Be2 Nc6
8. c3 O-O 9. O-O Ne7 10. Nd2 b6 11. Nc4 Qe6 12. Bf4 Nfd5 13. Bg3 f5 14. f4 b5
15. Ne5 Ne3 16. Qd2 Nxf1 17. Bxf1 a6 18. a4 c6 19. axb5 cxb5 20. Bxb5 Bb7 21.
Bd7 Qb6 22. b4 Nd5 23. Ba4 Rac8 24. Nd7 Qc7 25. Nxf8 Kxf8 26. Rc1 Nxb4 27. Qb2
Nd3 28. Qa3+ Kg8 29. Rc2 e3 30. Bb3+ Kh8 31. Be6 Ne1 32. Bxe1 Re8 33. d5 Qxf4
34. Qb4 Qc7 35. Qd4 f4 36. c4 h6 37. c5 Qd8 38. Bc3 Qg5 39. h4 Qg3 40. Qe4 Rxe6
41. Qxe6 f3 42. Qe8+ Kh7 43. Qe4+ Kh8 44. Qxf3 {Time forfeit} 1-0

[Event "Rated Blitz game"]
[Site "?"]
[Date "2021.02.19"]
[Round "?"]
[White "Blowf1sh"]
[Black "Fantastic_power06"]
[Result "1/2-1/2"]
[WhiteElo "2471"]
[BlackElo "2566"]
[PlyCount "93"]
[EventDate "2021.??.??"]
[EventType "blitz"]

1. e4 e5 2. Nf3 d5 3. exd5 e4 4. Ne5 Qxd5 5. d4 exd3 6. Nxd3 Nf6 7. Nc3 Qf5 8.
Be2 Nc6 9. Bf4 Be6 10. Bxc7 Rc8 11. Bg3 h5 12. h3 h4 13. Bh2 Qg5 14. Bf3 Nd4
15. Bf4 Qg6 16. Bxb7 Rd8 17. Ne2 Bb4+ 18. Kf1 Nxe2 19. Qxe2 O-O 20. Nxb4 Nh5
21. Bh2 Qf6 22. Nd3 Bc4 23. Qxh5 Qxb2 24. Re1 Qxb7 25. Kg1 Bxd3 26. cxd3 Rxd3
27. Bf4 Rfd8 28. Qxh4 R3d4 29. Qg3 Rd3 30. Be3 Qa6 31. Kh2 R8d6 32. Rc1 Rg6 33.
Qf4 Rdd6 34. Rhd1 Rxd1 35. Rxd1 Qc8 36. Qd4 Kh7 37. Qh4+ Rh6 38. Bxh6 gxh6 39.
Qe4+ Kg7 40. Qe5+ Kh7 41. Qf6 Qe6 42. Qxe6 fxe6 43. Rd7+ Kg6 44. Rxa7 h5 45.
Ra6 Kg5 46. Rxe6 Kh4 47. Re5 {Normal} 1/2-1/2

[Event "Rated Blitz game"]
[Site "?"]
[Date "2021.02.19"]
[Round "?"]
[White "Masterclasschess95"]
[Black "jflup"]
[Result "0-1"]
[WhiteElo "2320"]
[BlackElo "2422"]
[PlyCount "108"]
[EventDate "2021.??.??"]
[EventType "blitz"]

1. e4 e5 2. Nf3 d5 3. exd5 e4 4. Qe2 Nf6 5. d3 Qxd5 6. dxe4 Qxe4 7. Nc3 Bb4 8.
Bd2 Qxe2+ 9. Bxe2 c6 10. O-O Bf5 11. Nd4 Bg6 12. Rfe1 O-O 13. Rac1 Nbd7 14. Ne4
Bxd2 15. Nxd2 Rad8 16. N2f3 Nc5 17. c3 Nd3 18. Bxd3 Bxd3 19. Ne5 Ba6 20. Red1
Rd5 21. Ndf3 Rfd8 22. Rxd5 Rxd5 23. h3 Kf8 24. Ng4 Nxg4 25. hxg4 Be2 26. Rc2
Bd1 27. Rc1 Bxf3 28. gxf3 Rd2 29. Rb1 b5 30. a4 bxa4 31. Ra1 Rxb2 32. Rxa4 Rb3
33. Rxa7 Rxc3 34. Rc7 Rxf3 35. Kg2 Rc3 36. f3 g5 37. Rc8+ Kg7 38. Kg3 h6 39.
Rc7 Rc2 40. Rc8 Kg6 41. Rc7 f6 42. Rc8 h5 43. gxh5+ Kxh5 44. Rc7 Kg6 45. Rc8 f5
46. Rc7 f4+ 47. Kh3 Kf5 48. Rf7+ Kg6 49. Rf8 c5 50. Kg4 Rg2+ 51. Kh3 Rg3+ 52.
Kh2 Rxf3 53. Rc8 Rc3 54. Rxc5 Rxc5 {Normal} 0-1

[Event "Rated Blitz game"]
[Site "?"]
[Date "2021.02.19"]
[Round "?"]
[White "sina_iran"]
[Black "blastol"]
[Result "1-0"]
[WhiteElo "2550"]
[BlackElo "2387"]
[PlyCount "35"]
[EventDate "2021.??.??"]
[EventType "blitz"]

1. e4 e5 2. Nf3 d5 3. Qe2 Nf6 4. exd5 Bd6 5. Nxe5 O-O 6. Nc4 Re8 7. Ne3 Nxd5 8.
Nc3 Nf4 9. Qd1 Qg5 10. g3 Nh3 11. Bg2 Bg4 12. f3 Bd7 13. Ne4 Rxe4 14. fxe4
Bxg3+ 15. Kf1 Bf4 16. Qf3 Qh4 17. Nf5 Bxf5 18. exf5 {Normal} 1-0

[Event "Rated Blitz game"]
[Site "?"]
[Date "2021.02.19"]
[Round "?"]
[White "againagain"]
[Black "RiskyBlitzer"]
[Result "1-0"]
[WhiteElo "2435"]
[BlackElo "2449"]
[PlyCount "89"]
[EventDate "2021.??.??"]
[EventType "blitz"]

1. e4 e5 2. Nf3 d5 3. d3 dxe4 4. dxe4 Qxd1+ 5. Kxd1 f6 6. Be3 Be6 7. Nbd2 Nd7
8. Bc4 Bxc4 9. Nxc4 Ne7 10. Ke2 Nb6 11. Na5 O-O-O 12. c4 Na4 13. Rab1 b6 14.
Nb3 Nc6 15. Rhc1 Bc5 16. Nxc5 Nxc5 17. Bxc5 bxc5 18. Rd1 Nd4+ 19. Nxd4 cxd4 20.
b4 Rd6 21. a4 Rhd8 22. Kd3 Rb6 23. b5 a5 24. c5 Re6 25. Kc4 Kb7 26. Rb3 g6 27.
Rdb1 f5 28. b6 c6 29. Rh3 h5 30. exf5 gxf5 31. Rxh5 Rd7 32. Rxf5 d3 33. Rd1 e4
34. g4 e3 35. fxe3 Rxe3 36. Rf4 d2 37. Rf2 Re4+ 38. Kc3 Re5 39. Rfxd2 Rxc5+ 40.
Kb3 Rxd2 41. Rxd2 Re5 42. Rg2 Re3+ 43. Kb2 Re4 44. g5 Rxa4 45. g6 {Normal} 1-0

[Event "Rated Blitz game"]
[Site "?"]
[Date "2021.02.19"]
[Round "?"]
[White "africanmorphy"]
[Black "gammadrill"]
[Result "0-1"]
[WhiteElo "2475"]
[BlackElo "2470"]
[PlyCount "62"]
[EventDate "2021.??.??"]
[EventType "blitz"]

1. e4 e5 2. Nf3 d5 3. Nxe5 Bd6 4. d4 dxe4 5. f4 exf3 6. Nxf3 Nf6 7. Be2 O-O 8.
O-O Bg4 9. c4 c5 10. d5 Nbd7 11. Bg5 Qb6 12. Qc2 Rfe8 13. Nc3 a6 14. h3 Bh5 15.
Rae1 Bg3 16. Rd1 Qd6 17. Bd3 h6 18. Bxf6 Nxf6 19. Ne4 Nxe4 20. Bxe4 b5 21. b3
Ra7 22. Rd2 Rae7 23. Re2 Bg6 24. Nd2 f5 25. Bxf5 Rxe2 26. Bxg6 Rf8 27. Qd3 Rxd2
28. Rxf8+ Kxf8 29. Qf5+ Ke7 30. Qf7+ Kd8 31. Bf5 Rd1# {Normal} 0-1

[Event "Rated Blitz game"]
[Site "?"]
[Date "2021.02.19"]
[Round "?"]
[White "Shurman-kgn"]
[Black "jeruchess"]
[Result "1/2-1/2"]
[WhiteElo "2400"]
[BlackElo "2354"]
[PlyCount "93"]
[EventDate "2021.??.??"]
[EventType "blitz"]

1. e4 e5 2. Nf3 d5 3. d3 Nc6 4. Nbd2 Nf6 5. g3 Bc5 6. Bg2 O-O 7. O-O b6 8. h3
a5 9. Re1 dxe4 10. dxe4 Ba6 11. Bf1 Bxf1 12. Kxf1 Qd7 13. Kg2 Rad8 14. c3 b5
15. Qe2 Rb8 16. Nf1 b4 17. Bg5 Qe6 18. Bxf6 Qxf6 19. Ne3 Bxe3 20. Qxe3 Qe7 21.
Nh4 g6 22. Rad1 Rfd8 23. Rd5 Rd6 24. Red1 Rbd8 25. Qe2 bxc3 26. bxc3 Qf6 27.
Nf3 Ne7 28. R5d3 h6 29. Qe3 Kg7 30. h4 Nc8 31. Rd5 Rxd5 32. exd5 Re8 33. c4 e4
34. Nd4 Qb6 35. Nc6 Nd6 36. Qxb6 cxb6 37. Rc1 e3 38. fxe3 Rxe3 39. c5 bxc5 40.
Rxc5 Re2+ 41. Kf3 Rxa2 42. Nxa5 Nf5 43. Nc6 Rd2 44. Nb4 Rd1 45. g4 Nxh4+ 46.
Kg3 Rd4 47. Nc6 {Normal} 1/2-1/2

[Event "Rated Blitz game"]
[Site "?"]
[Date "2021.02.19"]
[Round "?"]
[White "ElDek"]
[Black "Schachelite"]
[Result "1-0"]
[WhiteElo "2386"]
[BlackElo "2433"]
[PlyCount "89"]
[EventDate "2021.??.??"]
[EventType "blitz"]

1. e4 e5 2. Nf3 d5 3. Nxe5 Bd6 4. d4 dxe4 5. Nc4 Nf6 6. Nxd6+ Qxd6 7. c4 Nc6 8.
Be3 Bg4 9. Qd2 O-O-O 10. h3 Bh5 11. d5 Ne5 12. Nc3 Rhe8 13. Qd4 a6 14. Qa7 Qb4
15. Rb1 Nd3+ 16. Bxd3 exd3 17. O-O Bg6 18. Qd4 b6 19. a3 Qe7 20. b4 Qe5 21.
Qxe5 Rxe5 22. Bd4 Ree8 23. Rbd1 Nd7 24. f4 Be4 25. Nxe4 Rxe4 26. Rxd3 f6 27.
Kf2 Rde8 28. Kf3 Re2 29. Re3 R8xe3+ 30. Bxe3 Rc2 31. Rc1 Ra2 32. c5 Rxa3 33.
cxb6 Nxb6 34. Ke4 Nd7 35. Bd4 g5 36. d6 gxf4 37. Rxc7+ Kd8 38. Kxf4 Rd3 39. Ke4
Rd2 40. Kd5 Ke8 41. Rc4 f5 42. Rc8+ Kf7 43. Rc7 Ke8 44. Kc6 Rxd4 45. Rc8+ {
Time forfeit} 1-0

[Event "Rated Blitz game"]
[Site "?"]
[Date "2021.02.19"]
[Round "?"]
[White "musik92"]
[Black "Schachelite"]
[Result "0-1"]
[WhiteElo "2401"]
[BlackElo "2414"]
[PlyCount "38"]
[EventDate "2021.??.??"]
[EventType "blitz"]

1. e4 e5 2. Nf3 d5 3. exd5 e4 4. Ne5 Qxd5 5. d4 exd3 6. Nxd3 Nf6 7. Nc3 Qf5 8.
Be2 c6 9. O-O Bd6 10. Bf3 O-O 11. g3 Be6 12. Re1 Nbd7 13. Nf4 Bxf4 14. Bxf4
Rad8 15. Qe2 Rfe8 16. Rad1 Bd5 17. Qd3 Rxe1+ 18. Rxe1 Qxd3 19. cxd3 Bxf3 {
Normal} 0-1

[Event "Rated Blitz game"]
[Site "?"]
[Date "2021.02.19"]
[Round "?"]
[White "Munchen1878"]
[Black "RiskyBlitzer"]
[Result "0-1"]
[WhiteElo "2304"]
[BlackElo "2442"]
[PlyCount "100"]
[EventDate "2021.??.??"]
[EventType "blitz"]

1. e4 e5 2. Nf3 d5 3. Nxe5 dxe4 4. d4 Bd6 5. Bc4 Bxe5 6. dxe5 Qxd1+ 7. Kxd1 Nc6
8. Bf4 Nge7 9. Nc3 Ng6 10. Bg3 Bg4+ 11. Kc1 Ngxe5 12. Bb5 O-O-O 13. Nxe4 f6 14.
f3 Bf5 15. Nc3 Nd4 16. Ba4 a6 17. Re1 b5 18. Bb3 c5 19. Bxe5 fxe5 20. a4 c4 21.
Ba2 b4 22. Ne4 b3 23. cxb3 cxb3 24. Bb1 Kb8 25. Re3 Rd7 26. Bd3 Rc8+ 27. Nc3
Bxd3 28. Rxd3 Ne2+ 29. Kd2 Rxd3+ 30. Kxd3 Nf4+ 31. Ke4 Nxg2 32. Ra3 Ka7 33.
Rxb3 Nh4 34. a5 Rf8 35. Nd5 Nf5 36. Rc3 Nd6+ 37. Kxe5 Nb5 38. Rc6 Rxf3 39. Re6
Rf7 40. Re7+ Rxe7+ 41. Nxe7 Kb7 42. Nd5 Kc6 43. Nb4+ Kb7 44. Ke6 g6 45. Kf7 Nd4
46. Kg7 g5 47. Kxh7 Nf3 48. h3 Ng1 49. Kh6 Nxh3 50. Kh5 Ka7 {Time forfeit} 0-1

[Event "Rated Blitz game"]
[Site "?"]
[Date "2021.02.19"]
[Round "?"]
[White "hicus"]
[Black "Autumnal"]
[Result "1-0"]
[WhiteElo "2437"]
[BlackElo "2293"]
[PlyCount "56"]
[EventDate "2021.??.??"]
[EventType "blitz"]

1. e4 e5 2. Nf3 d5 3. exd5 Bd6 4. d4 e4 5. Ne5 Nf6 6. c4 c5 7. dxc6 Nxc6 8.
Nxc6 bxc6 9. Be2 O-O 10. Be3 Qc7 11. h3 Rb8 12. b3 c5 13. dxc5 Be5 14. Nd2 Bxa1
15. Qxa1 Bf5 16. O-O Rfd8 17. Re1 a5 18. Qc3 a4 19. b4 Re8 20. b5 Ra8 21. c6
Qe5 22. Qxe5 Rxe5 23. a3 Ree8 24. Nb1 Red8 25. Nc3 h6 26. c5 g5 27. c7 Rdc8 28.
b6 Ne8 {Normal} 1-0

[Event "Rated Blitz game"]
[Site "?"]
[Date "2021.02.19"]
[Round "?"]
[White "Fivezero"]
[Black "Schachelite"]
[Result "0-1"]
[WhiteElo "2422"]
[BlackElo "2427"]
[PlyCount "82"]
[EventDate "2021.??.??"]
[EventType "blitz"]

1. e4 e5 2. Nf3 d5 3. exd5 e4 4. Qe2 Nf6 5. d3 Qxd5 6. Nbd2 Be7 7. Nxe4 O-O 8.
Nc3 Qa5 9. Bd2 Bb4 10. Qd1 b6 11. a3 Bd6 12. Ne4 Qf5 13. Nxd6 cxd6 14. Be2 Bb7
15. O-O Nc6 16. c3 Rfe8 17. d4 Ne4 18. Bd3 d5 19. Ng5 h6 20. f3 hxg5 21. fxe4
Qg6 22. Qg4 dxe4 23. Bc4 Re7 24. Qxg5 Qxg5 25. Bxg5 Rc7 26. Rae1 Nxd4 27. Bxf7+
Rxf7 28. Rxf7 Kxf7 29. cxd4 Ke6 30. Bf4 Rc8 31. Re2 Kd5 32. Be5 Ba6 33. Re1 g6
34. Kf2 Rc2+ 35. Kg3 Rxb2 36. h4 e3 37. Kf3 e2 38. g4 Rb3+ 39. Kf2 Rxa3 40. h5
gxh5 41. gxh5 Ke4 {Time forfeit} 0-1

[Event "Rated Blitz game"]
[Site "?"]
[Date "2021.02.19"]
[Round "?"]
[White "Chess_legend_rus"]
[Black "Kaissiber"]
[Result "0-1"]
[WhiteElo "2279"]
[BlackElo "2408"]
[PlyCount "42"]
[EventDate "2021.??.??"]
[EventType "blitz"]

1. e4 e5 2. Nf3 d5 3. exd5 e4 4. Qe2 Nf6 5. d3 Be7 6. dxe4 O-O 7. c4 Re8 8. e5
Bd6 9. Bf4 Nbd7 10. Nc3 Nxe5 11. Nxe5 Ng4 12. O-O-O Nxe5 13. Ne4 Bf8 14. Qd2
Nxc4 15. Bxc4 Rxe4 16. Bd3 Ra4 17. Kb1 g6 18. h4 Qxd5 19. b3 Rd4 20. h5 Rxd3
21. Qc2 Bf5 {Normal} 0-1

[Event "Rated Blitz game"]
[Site "?"]
[Date "2021.02.19"]
[Round "?"]
[White "Hexe456"]
[Black "Kaissiber"]
[Result "0-1"]
[WhiteElo "2284"]
[BlackElo "2412"]
[PlyCount "78"]
[EventDate "2021.??.??"]
[EventType "blitz"]

1. e4 e5 2. Nf3 d5 3. exd5 e4 4. Qe2 Nf6 5. d3 Be7 6. dxe4 O-O 7. Nbd2 Re8 8.
Qd3 Na6 9. Be2 Nc5 10. Qd4 a5 11. O-O c6 12. dxc6 bxc6 13. Qxd8 Bxd8 14. Bd3
Nfxe4 15. Nxe4 Nxe4 16. Re1 Nf6 17. Rxe8+ Nxe8 18. Be4 Bb7 19. Ne5 Rc8 20. Bd2
Nf6 21. Bf3 Nd5 22. c4 Nb4 23. Bxb4 axb4 24. Rd1 Bf6 25. Nd3 Ba6 26. Nxb4 Bxc4
27. Nxc6 Bxa2 28. g3 g6 29. Rd7 Be6 30. Ne7+ Bxe7 31. Rxe7 Bh3 32. Re1 Rc2 33.
Rb1 Bf5 34. Kg2 h5 35. b4 g5 36. Bxh5 g4 37. Rb3 Be4+ 38. Kf1 Bf3 39. Rxf3 gxf3
{Time forfeit} 0-1

[Event "Rated Blitz game"]
[Site "?"]
[Date "2021.02.19"]
[Round "?"]
[White "chessdinosaur"]
[Black "Terizlong"]
[Result "0-1"]
[WhiteElo "2312"]
[BlackElo "2495"]
[PlyCount "74"]
[EventDate "2021.??.??"]
[EventType "blitz"]

1. e4 e5 2. Nf3 d5 3. exd5 Bd6 4. d4 e4 5. Ne5 Nf6 6. c4 c5 7. dxc6 Nxc6 8.
Nxc6 bxc6 9. Be2 h6 10. Nc3 O-O 11. O-O Re8 12. Be3 Bc7 13. c5 Be6 14. f4 exf3
15. Bxf3 Rb8 16. Bxc6 Bd7 17. Bxd7 Rxe3 18. Qd2 Rxc3 19. bxc3 Qxd7 20. c4 Ne4
21. Qe3 Re8 22. Rae1 Ba5 23. Re2 Nf6 24. Qxe8+ Nxe8 25. d5 Nf6 26. d6 Qc6 27.
Re5 Bb4 28. Rff5 Ng4 29. Re7 Bxc5+ 30. Kf1 Nxh2+ 31. Ke2 Qxg2+ 32. Kd3 Qh3+ 33.
Ke4 Qe3+ 34. Kd5 Qd4+ 35. Kc6 Qxd6+ 36. Kb5 Qb6+ 37. Ka4 Qb4# {Normal} 0-1

[Event "Rated Blitz game"]
[Site "?"]
[Date "2021.02.19"]
[Round "?"]
[White "mwpchess"]
[Black "wackelturm420"]
[Result "1-0"]
[WhiteElo "2611"]
[BlackElo "2553"]
[PlyCount "29"]
[EventDate "2021.??.??"]
[EventType "blitz"]

1. e4 e5 2. Nf3 d5 3. Nxe5 Bd6 4. d4 dxe4 5. Bc4 Bxe5 6. Qh5 Qe7 7. Qxe5 Qxe5
8. dxe5 Nc6 9. Nc3 Nxe5 10. Bb3 f5 11. Nd5 Kd8 12. Bf4 c6 13. Bxe5 cxd5 14.
Bxg7 Ne7 15. Bxh8 {Normal} 1-0

[Event "Rated Blitz game"]
[Site "?"]
[Date "2021.02.19"]
[Round "?"]
[White "nebulo89"]
[Black "TajiriWWE"]
[Result "0-1"]
[WhiteElo "2475"]
[BlackElo "2481"]
[PlyCount "20"]
[EventDate "2021.??.??"]
[EventType "blitz"]

1. e4 e5 2. Nf3 d5 3. Nc3 dxe4 4. Nxe4 Nf6 5. Ng3 Nc6 6. Bb5 Bd6 7. d3 O-O 8.
O-O Bg4 9. h3 Bxf3 10. Qxf3 Nd4 {Normal} 0-1

[Event "Rated Blitz game"]
[Site "?"]
[Date "2021.02.19"]
[Round "?"]
[White "H-HH"]
[Black "abehemoth"]
[Result "1-0"]
[WhiteElo "2436"]
[BlackElo "2344"]
[PlyCount "159"]
[EventDate "2021.??.??"]
[EventType "blitz"]

1. e4 e5 2. Nf3 d5 3. exd5 e4 4. Qe2 Nf6 5. Nc3 Be7 6. Nxe4 Qxd5 7. Nxf6+ gxf6
8. Qb5+ Qxb5 9. Bxb5+ c6 10. Bc4 Bf5 11. d3 Rg8 12. g3 Nd7 13. O-O b5 14. Bb3
a5 15. a4 Nc5 16. Re1 Ra7 17. Be3 Nxb3 18. Bxa7 Nxa1 19. Rxa1 b4 20. Re1 Kd7
21. Bb6 Ra8 22. Nd4 Be6 23. f4 Ra6 24. Nxe6 fxe6 25. Bd4 c5 26. Bf2 Rc6 27. b3
Rc8 28. Kg2 h5 29. Kf3 Bd6 30. Re4 f5 31. Re2 Rh8 32. Rd2 Rg8 33. d4 cxd4 34.
Bxd4 Kc6 35. c4 h4 36. Re2 hxg3 37. hxg3 Kd7 38. Rh2 Kc6 39. Rh6 Re8 40. Rf6
Bc5 41. Be5 Bb6 42. Rf7 Bd8 43. Ra7 Bb6 44. Rh7 Bd8 45. Ke3 Bb6+ 46. Ke2 Bd8
47. Rh6 Bb6 48. Kf3 Bd8 49. g4 fxg4+ 50. Kxg4 Rg8+ 51. Kf3 Kd7 52. Rh7+ Kc6 53.
Rg7 Rxg7 54. Bxg7 Kd6 55. Ke4 Bb6 56. Bf8+ Kd7 57. Ke5 Bc7+ 58. Ke4 Bb8 59. Bc5
Bc7 60. Bd4 Bd8 61. Be5 Bb6 62. Kd3 Bd8 63. c5 Kc6 64. Kc4 Be7 65. Bd4 Bh4 66.
Kd3 Bg3 67. Ke4 Bh4 68. Ke5 Bg3 69. Be3 Kd7 70. c6+ Kxc6 71. Kxe6 Bh2 72. f5
Bd6 73. f6 Bf8 74. f7 Kb7 75. Kd7 Ka6 76. Kc6 Be7 77. Bc5 Bd8 78. f8=Q Bb6 79.
Qe8 Ba7 80. Qc8# {Normal} 1-0

[Event "Rated Blitz game"]
[Site "?"]
[Date "2021.02.19"]
[Round "?"]
[White "TimF1202"]
[Black "Schachelite"]
[Result "0-1"]
[WhiteElo "2333"]
[BlackElo "2419"]
[PlyCount "86"]
[EventDate "2021.??.??"]
[EventType "blitz"]

1. e4 e5 2. Nf3 d5 3. exd5 e4 4. Qe2 Nf6 5. Nc3 Be7 6. Nxe4 O-O 7. d3 Re8 8.
Qd1 Qxd5 9. Nxf6+ Bxf6+ 10. Be2 c5 11. O-O Nc6 12. c3 Bf5 13. Qc2 Rad8 14. Rd1
h6 15. Be3 c4 16. Nd4 Bxd4 17. Bxd4 Nxd4 18. cxd4 Qxd4 19. Bf1 cxd3 20. Qc3
Qxc3 21. bxc3 d2 22. f3 Bc2 23. Kf2 Bxd1 24. Rxd1 Kf8 25. Bb5 Re5 26. Ba4 Rc5
27. Ke2 Rxc3 28. Rxd2 Rxd2+ 29. Kxd2 Rc7 30. Bb3 b5 31. Kd3 Ke7 32. g4 f6 33.
h4 a5 34. h5 Kd6 35. Bg8 Ke5 36. Bh7 b4 37. Be4 Rc3+ 38. Kd2 Kd4 39. Ba8 Ra3
40. f4 Rxa2+ 41. Ke1 Ke3 42. Kd1 Kxf4 43. Kc1 Rh2 {Normal} 0-1

[Event "Rated Blitz game"]
[Site "?"]
[Date "2021.02.19"]
[Round "?"]
[White "js20000"]
[Black "Schachelite"]
[Result "1-0"]
[WhiteElo "2610"]
[BlackElo "2425"]
[PlyCount "43"]
[EventDate "2021.??.??"]
[EventType "blitz"]

1. e4 e5 2. Nf3 d5 3. exd5 e4 4. Qe2 Nf6 5. Nc3 Be7 6. Nxe4 O-O 7. d3 Re8 8. c4
Bb4+ 9. Bd2 Bxd2+ 10. Qxd2 Nxe4 11. dxe4 Rxe4+ 12. Be2 Bg4 13. O-O Bxf3 14.
Bxf3 Rxc4 15. Rac1 Rxc1 16. Rxc1 Nd7 17. Qf4 Rc8 18. Bg4 g6 19. g3 c6 20. dxc6
Rxc6 21. Rxc6 bxc6 22. Qd6 {Normal} 1-0

[Event "Rated Blitz game"]
[Site "?"]
[Date "2021.02.19"]
[Round "?"]
[White "Waschbaer321"]
[Black "Fantastic_power06"]
[Result "0-1"]
[WhiteElo "2418"]
[BlackElo "2554"]
[PlyCount "88"]
[EventDate "2021.??.??"]
[EventType "blitz"]

1. e4 e5 2. Nf3 d5 3. exd5 e4 4. Qe2 Nf6 5. d3 Qxd5 6. Nbd2 Nc6 7. Nxe4 Be6 8.
Nxf6+ gxf6 9. Qe4 Qh5 10. Qh4 Qc5 11. Qxf6 Qxc2 12. Qxh8 O-O-O 13. Bd2 Bb4 14.
Qf6 Bg4 15. Be2 Bxf3 16. O-O Bxe2 17. Qf5+ Kb8 18. Bg5 Bxd3 19. Qxf7 Rf8 20.
Rfe1 b6 21. Re8+ Rxe8 22. Qxe8+ Kb7 23. Qh8 Nd4 24. Be3 Ne2+ 25. Kh1 Be4 26.
Qg7 Bd6 27. Re1 Bc6 28. Qg4 Qxb2 29. Rxe2 Qxe2 30. Qxe2 a5 31. Qa6+ Kxa6 32.
Bxb6 Kb5 33. Bxc7 Bxc7 34. Kg1 Ka4 35. Kf1 Ka3 36. Ke2 Kxa2 37. Ke3 a4 38. Kd4
a3 39. Kc5 Kb2 40. Kxc6 a2 41. Kxc7 a1=Q 42. Kd6 Qb1 43. Ke7 Qg6 44. Kf8 h5 {
Time forfeit} 0-1

[Event "Rated Blitz game"]
[Site "?"]
[Date "2021.02.19"]
[Round "?"]
[White "TheChessking2004"]
[Black "wackelturm420"]
[Result "0-1"]
[WhiteElo "2312"]
[BlackElo "2403"]
[PlyCount "46"]
[EventDate "2021.??.??"]
[EventType "blitz"]

1. e4 e5 2. Nf3 d5 3. exd5 e4 4. Qe2 Nf6 5. Nc3 Be7 6. Nxe4 Nxd5 7. g3 O-O 8.
Bg2 Re8 9. O-O Bf8 10. Qc4 Nb6 11. Qd3 Qxd3 12. cxd3 Nc6 13. b3 Bf5 14. Bb2 a5
15. Rfe1 Nb4 16. Re3 Nc2 17. Nh4 Bxe4 18. dxe4 Nxa1 19. Bxa1 a4 20. b4 Nc4 21.
Rc3 Nxd2 22. Rxc7 Nxe4 23. Nf5 Rad8 {Normal} 0-1

[Event "Rated Blitz game"]
[Site "?"]
[Date "2021.02.19"]
[Round "?"]
[White "nebulo89"]
[Black "annaly1979"]
[Result "1-0"]
[WhiteElo "2467"]
[BlackElo "2365"]
[PlyCount "91"]
[EventDate "2021.??.??"]
[EventType "blitz"]

1. e4 e5 2. Nf3 d5 3. exd5 e4 4. Ng1 f5 5. Nc3 Nf6 6. d3 Bb4 7. dxe4 Bxc3+ 8.
bxc3 fxe4 9. c4 O-O 10. Be2 c6 11. d6 c5 12. Bf4 Nc6 13. Bg3 Nd4 14. c3 Nf5 15.
Nh3 e3 16. O-O exf2+ 17. Bxf2 Ne4 18. Bf3 Nxf2 19. Nxf2 Ne3 20. Qd3 Nxf1 21.
Rxf1 Bf5 22. Qd5+ Kh8 23. Qxc5 Rc8 24. Qd4 b6 25. Nd3 Bxd3 26. Qxd3 Rc5 27. Re1
Rcf5 28. Be4 R5f6 29. Rd1 h6 30. h3 Re8 31. Bg6 Ree6 32. d7 Rd6 33. Qxd6 Rxd6
34. Rxd6 Kg8 35. Re6 Qxd7 36. Re8+ Qxe8 37. Bxe8 Kf8 38. Bg6 Ke7 39. Kf2 Kf6
40. Be8 Ke5 41. Ke3 g5 42. g4 a6 43. a4 a5 44. Bf7 Kf6 45. Bd5 Ke5 46. Bg8 {
Normal} 1-0

[Event "Rated Blitz game"]
[Site "?"]
[Date "2021.02.19"]
[Round "?"]
[White "Seras_Victoria"]
[Black "Schachelite"]
[Result "0-1"]
[WhiteElo "2453"]
[BlackElo "2425"]
[PlyCount "44"]
[EventDate "2021.??.??"]
[EventType "blitz"]

1. e4 e5 2. Nf3 d5 3. exd5 e4 4. Qe2 Nf6 5. d3 Qxd5 6. Nc3 Bb4 7. dxe4 Qxe4 8.
Qxe4+ Nxe4 9. Bd2 Nxd2 10. Kxd2 O-O 11. Bd3 Bg4 12. Ne5 Be6 13. a3 Bc5 14. f4
Nd7 15. Nxd7 Bxd7 16. Rae1 Rfe8 17. b4 Bf2 18. Re2 Rxe2+ 19. Nxe2 Re8 20. Nc3
Be3+ 21. Kd1 Bxf4 22. Nd5 Bg4+ {Normal} 0-1

[Event "Rated Blitz game"]
[Site "?"]
[Date "2021.02.18"]
[Round "?"]
[White "pekinezer"]
[Black "Schachelite"]
[Result "0-1"]
[WhiteElo "2302"]
[BlackElo "2400"]
[PlyCount "64"]
[EventDate "2021.??.??"]
[EventType "blitz"]

1. e4 e5 2. Nf3 d5 3. exd5 e4 4. Ne5 Nf6 5. d4 exd3 6. Bxd3 Qxd5 7. O-O Be6 8.
Re1 Bd6 9. Nc3 Qxe5 10. Rxe5 Bxe5 11. Qe2 Nbd7 12. Ne4 O-O-O 13. Ng5 Rhe8 14.
Nxe6 Rxe6 15. Qf3 Rde8 16. g3 Bd4 17. Bf4 Ne5 18. Bxe5 Rxe5 19. Kg2 Kb8 20. Rd1
Bb6 21. a4 a6 22. b4 a5 23. bxa5 Rxa5 24. Rb1 Rae5 25. Bb5 R8e7 26. h4 Ne4 27.
Bd3 f5 28. Qf4 g6 29. Qh6 Nxf2 30. Rxb6 Nxd3 31. Rf6 Re2+ 32. Kh3 Nf2+ {Normal}
0-1

[Event "Rated Blitz game"]
[Site "?"]
[Date "2021.02.18"]
[Round "?"]
[White "LandyPJY"]
[Black "RiskyBlitzer"]
[Result "1/2-1/2"]
[WhiteElo "2273"]
[BlackElo "2420"]
[PlyCount "28"]
[EventDate "2021.??.??"]
[EventType "blitz"]

1. e4 e5 2. Nf3 d5 3. Nxe5 dxe4 4. Bc4 Qg5 5. d4 Qxg2 6. Bxf7+ Ke7 7. Rf1 Nc6
8. Bxg8 Rxg8 9. Qh5 Nxe5 10. Qxe5+ Kf7 11. Qf4+ Ke8 12. Qe5+ Kf7 13. Qf4+ Ke8
14. Qe5+ Kf7 {Normal} 1/2-1/2